000 00653cam a2200229 4500
001 1252799
005 20180814064931.0
008 731219s1973 enk b 001 0 eng
010 _a 73079114
015 _aGB***
020 _a071007607X
_a0710076975 (pbk.)
040 _aDLC
_cDLC
_dDLC
041 _aeng
080 _a303.401 SMI
082 0 0 _a303.401 SMI
_219
100 1 _a19
101 _aPOL
245 1 4 _aThe concept of social change;
_c[by] Anthony D. Smith.
504 _aBibliography: p. 181-191.
906 _a7
_bcbc
_corignew
_d3
_eopcn
_f19
_gy-gencatlg
942 _2ddc
_cBK
999 _c47114
_d47114